Most expensive football transfers - Born in 1992 - Statistics

General Stats
  • This quiz has been taken 36 times
  • The average score is 9 of 10
Answer Stats
Fee (M €) Season Nationality Left Joined Player % Correct
222,00 2017-2018 Brazil Barcelona Paris SG Neymar
100%
90,00 2023-2024 Brazil Paris SG Al-Hilal Neymar
100%
88,00 2013-2014 Brazil Santos Barcelona Neymar
100%
70,65 2022-2023 Brazil Real Madrid Manchester United Casemiro
97%
42,00 2017-2018 Egypt AS Roma Liverpool Mohamed Salah
94%
135,00 2017-2018 Brazil Liverpool Barcelona Philippe Coutinho
94%
62,50 2018-2019 Brazil AS Roma Liverpool Alisson
91%
45,00 2023-2024 Italy Paris SG Al-Arabi SC Marco Verratti
91%
45,00 2016-2017 Switzerland Borussia Mönchengladbach Arsenal Granit Xhaka
79%
66,00 2017-2018 Spain Real Madrid Chelsea Álvaro Morata
59%
No matching quizzes found
Score Distribution
Percent of People with Each Score
Percentile by Number Answered
Your Score History
You have not taken this quiz